000 00237nam a2200097Ia 4500
001 643098
005 20250826153539.0
008 250824s9999 xx 000 0 und d
245 0 _aTAHİR İLE ZÜHRE
_cSENNUR SEZER
260 _bDOĞAN EGMONT
999 _c643098
_d643098